Apuntes para la historia de la pesca continental española / (Record no. 118323)

MARC details
000 -LEADER
campo de control de longitud fija 00812nam a2200193 4500
001 - NÚMERO DE CONTROL
campo de control 118323
003 - IDENTIFICADOR DE NÚMERO DE CONTROL
campo de control ES-MaACL
005 - FECHA Y HORA DE LA ÚLTIMA TRANSACCIÓN
campo de control 20250823063103.0
007 - CAMPO FIJO DE DESCRIPCIÓN FÍSICA--INFORMACIÓN GENERAL
campo de control de longitud fija t|
008 - DATOS DE LONGITUD FIJA--INFORMACIÓN GENERAL
campo de control de longitud fija 070214m19501951sp r ||||1| spa d
100 1# - ENTRADA PRINCIPAL--NOMBRE DE PERSONA
Nombre de persona Pardo, Luis,
Fechas asociadas al nombre 1897-1958
9 (RLIN) 89001
245 10 - MENCIÓN DEL TÍTULO
Título Apuntes para la historia de la pesca continental española /
Mención de responsabilidad, etc. por Luis Pardo.
260 ## - PUBLICACIÓN, DISTRIBUCIÓN, ETC.
Lugar de publicación, distribución, etc. Madrid :
Nombre del editor, distribuidor, etc. Ministerio de Agricultura, Dirección General de Montes, Caza y Pesca Fluvial, Instituto Forestal de Investigaciones y Experiencias,
Fecha de publicación, distribución, etc. 1950-1951.
300 ## - DESCRIPCIÓN FÍSICA
Extensión 2 t. :
Otras características físicas il. ;
Dimensiones 23 cm.
505 8# - NOTA DE CONTENIDO CON FORMATO
Nota de contenido con formato Contiene: t. I: Desde los tiempos remotos al siglo XVIII ; t. II : Los siglos XIX y XX
710 2# - ENTRADA AGREGADA--NOMBRE DE ENTIDAD CORPORATIVA
Nombre de entidad corporativa o nombre de jurisdicción como elemento de entrada Instituto Forestal de Investigaciones y Experiencias.
9 (RLIN) 5059
852 ## - LOCALIZACIÓN
Ubicación ES-MaACL
Número de control de estantería D-8025-6
Sublocalización o colección R.31504
Holdings
Estatus retirado Estado de pérdida Estado de daño No para préstamo Biblioteca de origen Biblioteca actual Ubicación en estantería Fecha de adquisición Fuente de adquisición Total de préstamos Signatura topográfica completa Código de barras Visto por última vez Precio de reemplazo Tipo de ítem Koha
        Biblioteca del Ateneo de Madrid Biblioteca del Ateneo de Madrid Sala Valle Inclán 17/01/2008     D-8025-6 901123352 23/02/2023 23/02/2023 Libro impreso